地理の統計TOP5〜7 いも編 - Statistics

General Stats
  • This quiz has been taken 4 times
  • The average score is 5 of 22
Answer Stats
統計 世界計 順位 Answer % Correct
キャッサバ生産量 3.1億t 1 ナイジェリア
75%
ジャガイモ生産量 3.8億t 1 中国
75%
2 インド
75%
4 アメリカ
75%
5 ロシア
75%
3 ウクライナ
50%
2 コンゴ民主共和国
25%
ヤムイモ生産量 7514万t 1 ナイジェリア
25%
タロイモ生産量 1240万t 1 ナイジェリア
25%
3 タイ
0%
4 ガーナ
0%
5 ブラジル
0%
6 インドネシア
0%
7 ベトナム
0%
2 ガーナ
0%
3 コートジボワール
0%
4 ベナン
0%
5 トーゴ
0%
2 エチオピア
0%
3 中国
0%
4 カメルーン
0%
5 ガーナ
0%
No matching quizzes found
Score Distribution
Percent of People with Each Score
Percentile by Number Answered
Your Score History
You have not taken this quiz